Рейки (Запис номер 495865)
[ съкратено ]
| 000 -Лидер | |
|---|---|
| Контролно поле с фиксирана дължина | 01240nam a2200301 c 4500 |
| 003 - Код на организацията, давaща контролен номер | |
| Контролно поле | BLK |
| 005 - Дата и час на последна редакция | |
| Контролно поле | 20230929152006.0 |
| 008 - Елементи от данни с фиксирана дължина | |
| fixed length control field | 180408b bul|||||r ||||||| ||bul|| |
| 020 ## - Международен стандартен номер на книга ISBN | |
| Международен стандартен номер на книга ISBN | 954-507-103-6 |
| 040 ## - Източник на каталожния запис | |
| Идентификатор на билиотеката - собственик на записа | BLK |
| 041 ## - Код за език | |
| Код за езика на текст/звукозапис или на отделно заглавие | Български |
| Код за езика КДБФ | Български |
| 080 ## - УДК | |
| Текстов определител УДК | Други видове терапия. Биоенерготерапия. |
| УДК код - определител по УДК | 615.85 |
| УДК определител | (035) |
| УДК - код + определител | 615.85(035) |
| 100 1# - Редна дума - Автор | |
| Автор | Симонсон, Барбара |
| Авторска отговорност | първи автор |
| R(LIN) | 120633 |
| 245 10 - Сведения за заглавието | |
| Заглавие | Рейки |
| Подзаглавни данни | Основи, философия и практика |
| Редно поле (дума) | Барбара Симонсон ; прев. от нем. Жана Ценова |
| 260 ## - Област на издателските данни | |
| Име на издателя, разпространителя и проч. | Гуторанов и син |
| Година на издаване | 2002 |
| 9 (RLIN) | 209514 |
| Място на издаване, разпространение и проч. | София |
| Издателство - префикс ISBN | 978-954-507- |
| 300 ## - Физическа характеристика | |
| Страници | 256 с. |
| Илюстрации и др. | с ил. |
| Размери/Мащаб | 22 см |
| 380 ## - Жанр | |
| Жанр | Медицина |
| 500 ## - Общи забележки | |
| Забележка | Ориг. загл. Das authentische reiki / Barbara Simonsohn<br/>Свържи с N 3081 на Бълг. книгопис, 1998 - липсва в РБЛК. |
| 650 #4 - Допълнително описание по предмет – тема | |
| Основно описание – тема или топоним | Биоенерготерапия |
| 9 (RLIN) | 148661 |
| 653 ## - Ключова дума – ненормативна | |
| Ключова дума | рейки |
| 653 ## - Ключова дума – ненормативна | |
| Ключова дума | биоенерготерапия |
| 653 ## - Ключова дума – ненормативна | |
| Ключова дума | наръчници |
| 700 ## - Други автори (авторска отговорност) | |
| Лично име | Ценова, Жана Ангелова |
| Автороска отговорност (Описва отношението между автора и произведението) | прев. |
| 9 (RLIN) | 365890 |
| 856 4# - Електронен адрес и достъп | |
| Електронен формат | pdf - файл |
| 856 4# - Електронен адрес и достъп | |
| Електронен формат | pdf - файл |
| 942 ## - АРТИКУЛИ | |
| Вид на библиотечния материал | Книги |
| Скрит в OPAC | Не |
| Koha issues (borrowed), all copies | 9 |
| 999 ## - СИСТЕМНИ КОНТРОЛНИ НОМЕРА | |
| Koha biblionumber | 495865 |
| Koha biblioitemnumber | 495865 |
| 999 ## - СИСТЕМНИ КОНТРОЛНИ НОМЕРА | |
| Koha biblioitemnumber | 53159 |
| 944 ## - СЪЗДАВАНЕ И РЕДАКЦИЯ на ЗАПИСА | |
| Създаване/Редакция | |
| Дата на регистрацията/редакция | Нора Радева |
| Служител, извършил регистрацията/редакцията | 30545 |
| Статус, дата на статуса | Нора Радева |
| Код за отписване | Код за изгубен артикул | Източник на класификационната схема | Код за повреда | Коз за рестрикции | Код за отдаване | Артикулен № | Име на библиотеката - собственик | Име на библиотеката, в която се намира в момента | Статус (Текущо местоположение) | Дата на вписване в системата | Местоположение - отдел | Цена в лева | Инвентарен номер | Систематично азбучна сигнатура | Баркод | Цена в евро | Служебен тип на артикула |
|---|---|---|---|---|---|---|---|---|---|---|---|---|---|---|---|---|---|
| Не е изгубен | Universal Decimal Classification | Не е повреден | само за читалня | ползва се в читалня | 934846 | Регионална библиотека "Любен Каравелов" Русе | Регионална библиотека "Любен Каравелов" Русе | Хранилище | 2023-10-24 | Основен фонд - ползва се само за читалня | 8.00 | 120000894009 | Цб 319734 | 120000894009 | 4.09 | Книги |